000 00786nam a2200253Ia 4500
003 OSt
005 20220925223849.0
006 a|||||r|||| 00| 0
007 ta
008 220923b |||||||| |||| 00| 0 eng d
020 _a9780415658799
_c6706.25
037 _bCBS/39, 25/06/2013, CLASSIC BOOKS SERVICES
_cGeneral Book
040 _aRTL
_cRTL
_beng
041 _2eng
_aeng
082 _aX:72, Q3
100 _aNAYYAR Deepak
245 0 _aMacroeconomics and human development
260 _aLondon
_bRoutledge
_c2013
300 _ax, 156p. Bibliography chapterwise
_ccm.
500 _aBibliography: 439-448p.
650 _aEconomics
942 _hX:72, Q3
_cGB
_2CC
999 _c580551
_d580551